000 00233nam a2200097Ia 4500
008 220204s9999 xx 000 0 und d
082 _a339.1
_bWES
245 0 _aWest and central Africa
260 _aNew Delhi
_bFICCI
_c1966
942 _cBK
999 _c22218
_d22218